Statistiques concernant A quel univers appartient cette famille de fiction?

Cliquez ici pour prendre le quiz!

Statistiques générales

  • Ce quiz a été pris 43 fois
    (11 depuis la dernière actualisation)
  • Le résultat moyen est 18 sur 60

Statistiques - réponses

Famille de fictionUnivers% Correct
WonkaCharlie et la Chocolaterie
91%
MalefoyHarry Potter
91%
PalpatineStar Wars
91%
WayneBatman
82%
AckermanL'Attaque des Titans
82%
HyruleThe Legend of Zelda
82%
McPicsouDonald
73%
TodorokiMy Hero Academia
73%
Gol.DOne Piece
73%
DaltonLucky Luke
64%
McFlyRetour vers le futur
64%
GriffinFamily Guy
55%
LannisterGame of Thrones
55%
SacquetLe Seigneur des Anneaux
55%
SenjuNaruto
55%
ChenPokémon
55%
HaddockTintin
55%
KongDonkey Kong
45%
ConnorTerminator
45%
RagnarssonVikings
45%
LoudBienvenue chez les Loud
36%
HarkonnenDune
36%
ZeppeliJojo's Bizarre Adventure
36%
MacBernikLa Famille Pirate
36%
FlandersLes Simpson
36%
TurnerPirates des Caraibes
36%
Van de KampDesperate Housewives
27%
CorleoneLe Parrain
27%
CullenTwilight
27%
KaibaYu-Gi-Oh
27%
HoppsZootopie
27%
BelmontCastlevania
18%
SonDragon Ball
18%
VelaryonHouse of the Dragon
18%
(Lignée de) DurinLe Hobbit
18%
KyleMa famille d'abord
18%
BelacquaA la croisée des mondes
9%
O'HaraAutant en emporte le vent
9%
TennysonBen 10
9%
CruchotLe Gendarme
9%
ParrLes Indestructibles
9%
MarstonRed Dead Redemption
9%
SanoTokyo Revengers
9%
CooperYoung Sheldon
9%
Smith (et Roger)American Dad
0%
RiveraCoco
0%
EwingDallas
0%
HousemanDirty Dancing
0%
DraerFairy Tail
0%
GellerFriends
0%
SolaraL'Amie prodigieuse
0%
IngallsLa petite maison dans la prairie
0%
ValdezLes Héros de l'Olympe
0%
Rougon-MacquartLes Rougon-Macquart
0%
DunphyModern Family
0%
PevensieNarnia
0%
UnderwoodPercy Jackson
0%
WinchesterSupernatural
0%
PearsonThis is us
0%
DeWitt BukaterTitanic
0%

Distribution des résultats

Percentile par nombre de réponses

% des personnes avec chaque résultat

Votre développement - résultats

Vous n’avez pas pris ce quiz depuis la dernière actualisation